Akumulace devizových rezerv centrálních bank a dynamika absorpce likvidity bankovních systémů České republiky, Polska a Maďarska

Teoretické vymedzenie problému systémového prebytku likvidity bankových systémov v kontexte makroekonomickej rovnováhy otvorenej ekonomiky a akumulácie devízových rezerv centrálnych bánk. Problém dynamiky absorpcie likvidity a stability krytia obeživa a rezerv bánk čistými zahraničnými aktívami cent...

Descrizione completa

Salvato in:
Dettagli Bibliografici
Autore principale: Brůna, Karel
Natura: Capitolo di libro
Lingua:ceco
Soggetti:
Tags: Aggiungi Tag
Nessun Tag, puoi essere il primo ad aggiungerne!!

MARC

LEADER 00000naa a2200000 4500
001 0125579
005 20250701123244.8
041 0 |a cze 
044 |a CZ 
245 1 0 |a Akumulace devizových rezerv centrálních bank a dynamika absorpce likvidity bankovních systémů České republiky, Polska a Maďarska  |c Karel Brůna 
520 |a Teoretické vymedzenie problému systémového prebytku likvidity bankových systémov v kontexte makroekonomickej rovnováhy otvorenej ekonomiky a akumulácie devízových rezerv centrálnych bánk. Problém dynamiky absorpcie likvidity a stability krytia obeživa a rezerv bánk čistými zahraničnými aktívami centrálnych bánk v rámci rozdielného prístpu centrálnych bánk k pokrývaniu trendových zmien a krátkodobej volatility dopytu bankových systémov po likvidite rôznými nástrojmi menovej politiky. Empirická analýza a komparácia rozdielných prístupov k riešeniu týchto problémov na príklade bankových systémov Česka, Poľska a Maďarska. 
610 2 0 |a Poľsko 
610 2 0 |a rezervy devízové 
610 2 0 |a bankovníctvo 
610 2 0 |a likvidita 
610 2 0 |a analýza komparatívna 
610 2 0 |a banky centrálne 
100 1 |a Brůna, Karel